000 00968nam0a22002531 4500
001 rc\997431
005 20041129101734.3
035 _a(NLR Aleph) 006164174
090 _a5895260
_c5895260
100 _a20041129d1981 u |0rusy50 ca
101 0 _arus
102 _aRU
105 _aa |||||||||
200 1 _aТехнология, механизация и автоматизация сварочного производства
_eКонспект лекций для студентов спец. 0504 "Оборуд. и технология свароч. пр-ва"
210 _aХарьков
_cУЗПИ
_d1981
215 _a57 с.
_cил.
_d20
300 _aВ надзаг.: Укр. заоч. политехн. ин-т
320 _aБиблиогр.: с. 53-55 (45 назв.)
700 1 _aЛепейко
_bИ. П.
_gИван Петрович
801 0 _aRU
_bNLR
_gpsbo
801 1 _aRU
_bELAR
_2rusmarc
852 _aNLR
_j82-4/18210
942 _cBOOK
980 _aNB